000 01178nam0a22002891 4500
001 v19\rc\1478966
005 20250618152517.0
035 _a(NLR Aleph) 004612356
090 _a2930496
_c2930496
100 _a20060620d1878 |||y0rusy50 ca
101 0 _arus
102 _aRU
105 _aa z |||||
200 1 _aИстребитель картофеля, американский жук Дорифора (doryphora decemlineata)
210 _aОдесса
_cтип. Алексомати
_d1878
215 _a25 с., 1 л. фронт. (цв. ил.)
_d20
300 _aИз предисл.: "Одесская земская управа... положила издать настоящую брошюру, составляющую извлечение из монографии известного энтомолога Чарльза Риллея
700 1 _aРилей
_bЧ.В.
_f1843-1895
_gЧарльз Валентин
801 0 _aRU
_bNLR
_gpsbo
801 0 _aRU
_bRuMoRGB
_2psbo
801 1 _aRU
_bProSoft-M
_2rusmarc
852 _aNLR
_bЗем
_j45-5/44
852 _aNLR
_j18.124.3.479
899 _aRuMoRGB
_jE 98/136
899 _aБАН
942 _cBOOK
980 _aNB